[Event "GEO chT Clubs 2017"]
[Site "Tbilisi"]
[Date "2017.12.04"]
[Round "6"]
[White "Sibashvili, Giorgi"]
[Black "Siprashvili, Ivane"]
[Result "1/2-1/2"]
[WhiteElo "2412"]
[BlackElo "1962"]
[Annotator "TA"]
[PlyCount "101"]
[EventDate "2017.??.??"]
[EventCountry "GEO"]
[SourceTitle "playchess.com"]
[Source "ChessBase"]
[SourceQuality "1"]

{[%evp 28,101,0,-11,0,0,13,-3,0,0,0,0,-14,0,18,-7,-10,-27,-34,-8,0,-44,-29,-43,-6,-25,-37,-30,0,0,-14,-30,-30,-38,0,-3,21,26,201,124,201,172,342,118,180,177,283,233,264,253,395,341,814,726,1266,1195,1119,906,904,889,863,847,756,679,5222,4766,29988,29989,29989,29990,29990,29991,29992,29993,29993,29994]} 1. d4 Nf6 2. Nf3 e6 3. c4 b6 4. a3 Bb7 5. Nc3 d5 6. cxd5 exd5 7. Bg5 Be7 8. e3 O-O 9. Bd3 Nbd7 10. O-O h6 11. Bh4 c5 12. Rc1 Ne4 13. Bxe7 Qxe7 14. dxc5 {E12: Damenindisch (Petrosjan-System und 4. oder 5.Lg5)} bxc5 15. Bb1 {LiveBook: 3 Partien} Ndf6 (15... Nef6 16. Nh4 Rfb8 17. Nf5 Qe6 18. e4 d4 19. Nd5 Nxd5 20. exd5 Qf6 21. Re1 Re8 {1-0 (32) Smirnov,P (2599)-Khismatullin,D (2639) Vladivostok 2012}) 16. Qa4 {Die Stellung ist ausgeglichen.} a5 $146 ({Vorgänger:} 16... Rfd8 17. Rfd1 Ng4 18. Rc2 Rab8 19. h3 Ngxf2 20. Rxf2 Nxf2 21. Kxf2 d4 22. Nxd4 cxd4 23. Rxd4 Rxd4 24. Qxd4 {0-1 (38) Acosta,M (2145)-Diaz Hollemaert,N (2357) Mar del Plata 2000}) 17. Nxe4 Nxe4 18. Rfd1 f5 19. Ba2 Rfd8 20. Nd2 Kh7 21. Nxe4 fxe4 22. Qb5 c4 23. h3 a4 24. Rd2 Qc7 25. Rcd1 Bc6 26. Qc5 {[%cal Rd2d5]} Ra5 27. Qd4 Rb8 28. f3 exf3 $1 29. gxf3 Rf8 30. f4 Raa8 31. Rg2 Rf6 32. Kh2 Raf8 $2 (32... Qe7 $11 {und Schwarz muss sich keine Sorgen machen.}) 33. Rdg1 g5 (33... g6 $16 {war angesagt.} 34. Bb1 Be8) 34. Bb1+ Kg8 $2 (34... Kh8 35. Bc2 (35. h4 Qg7 $16) 35... Bd7) 35. Rg3 $2 (35. h4 $1 $18 {[%cal Rh4g5] ist der präzise Gewinnweg.} R6f7 36. Rg3 (36. hxg5 h5 $16)) 35... Kf7 {[#]} (35... R8f7 $16) 36. h4 $1 $18 {[%cal Rh4g5][%mdl 512]} Ke8 (36... Rh8 $142 37. Kh1 Qd6 38. fxg5 hxg5 39. Rxg5 Rf8) (36... gxh4 37. Rg7+) 37. hxg5 hxg5 38. Rxg5 Rh6+ (38... Kd8 {kämpft weiter.} 39. Be4 Rd6) 39. Kg2 Qd7 $2 (39... Bd7 40. Kf1 (40. Rxd5 Bc6 $18) 40... c3) 40. Kf2 Rh2+ 41. R1g2 Rxg2+ 42. Kxg2 c3 43. Rg7 {[#] Weiss will mit De5+ Matt setzen.} Rf7 44. Rg8+ Ke7 45. bxc3 Qd6 46. Bg6 Rf6 47. Qa7+ {Weiß setzt Matt.} Ke6 48. f5+ Rxf5 49. Bxf5+ Kxf5 50. Qh7+ Ke5 51. Rg5+ {[%mdl 32768] Precision: Weiß = 57%, Schwarz = 25%. . An unexpected result.} 1/2-1/2

[Event "GEO chT Clubs 2017"]
[Site "Tbilisi"]
[Date "2017.12.04"]
[Round "6"]
[White "Arabidze, Meri"]
[Black "Gvetadze, Sofio"]
[Result "0-1"]
[WhiteElo "2378"]
[BlackElo "2289"]
[Annotator "TA"]
[PlyCount "124"]
[EventDate "2017.??.??"]
[EventCountry "GEO"]
[SourceTitle "playchess.com"]
[Source "ChessBase"]
[SourceQuality "1"]

{[%evp 31,124,32,29,20,28,24,31,36,22,21,22,14,20,16,38,32,30,-13,32,-63,-58,-53,-55,-52,-29,-64,-63,-69,-69,-69,-71,-89,-50,-50,-57,-64,-81,-104,-51,-52,-27,-54,-14,-59,0,-66,-35,-33,-33,-224,-213,-347,-335,-300,-212,-228,-226,-244,-251,-267,-256,-275,-297,-328,-268,-205,-188,-178,-164,-157,-164,-165,-153,-1783,-2080,-1795,-1325,-1503,-1410,-5165,-4075,-2064,-251,-29981,-29982,-29982,-29982,-29983,-29984,-29984,-29985,-29990,-29986,-29986,-29986]} 1. c4 Nf6 2. Nc3 g6 3. e4 d6 4. d4 Bg7 5. Nf3 O-O 6. Be2 c5 7. O-O cxd4 8. Nxd4 Nc6 9. Be3 Bd7 10. f3 Nxd4 11. Bxd4 Bc6 12. Qd2 a5 13. b3 Nd7 14. Be3 Nc5 15. Rab1 Be5 {B38: Sicilian: Maroczy Bind with 5...Bg7 and 7...0-0} (15... Qb6 16. Rfc1 Rfc8 17. Rc2 Qb4 18. Qc1 Qb6 19. Kh1 h5 20. a3 Qd8 21. Qd2 Kh7 22. Bf1 Qf8 23. b4 axb4 24. axb4 Na4 25. Ne2 {1-0 (55) Navara,D (2734)-Mamedov,R (2650) Huaian 2016}) 16. Rfc1 e6 {LiveBook: 30 Games} 17. g3 Qe7 {The position is equal.} 18. Rd1 $146 ({Predecessor:} 18. Nd1 b6 19. Nf2 Rad8 20. Nd3 {0-1 (68) Makka,I (2122)-Maze,S (2559) Aix les Bains 2011}) 18... Rfd8 19. Bg5 f6 20. Be3 f5 {[%cal Rf5e4]} 21. exf5 gxf5 22. Rbc1 b6 23. Bd4 Qf6 24. Rc2 (24. f4 $5 {[%cal Rf4e5]} Bxd4+ 25. Qxd4 Qxd4+ 26. Rxd4 $11) 24... Rd7 25. Qe3 (25. f4 $1 $14) 25... f4 $1 $15 {[%cal Rf4e3]} 26. Qxf4 Qxf4 27. gxf4 Bxf4 28. Nb5 Kf7 29. Kh1 Rg8 30. Rg1 e5 31. Bf2 Rxg1+ 32. Kxg1 Ke6 33. Bg3 Be3+ 34. Bf2 Bh6 (34... Rg7+ $17 35. Kf1 Bxf2 36. Kxf2 Rf7) 35. Nc3 Rf7 36. Kg2 Bf4 37. Rb2 h5 (37... Rg7+ $15 38. Kf1 Rf7) 38. Bg1 ({White should try} 38. Rb1 $11) 38... Rg7+ 39. Kf1 h4 $36 {[%mdl 2048] Black is more active.} 40. a3 $2 ({White should play} 40. b4 $15 axb4 41. Rxb4) 40... Bc1 $19 41. Ra2 (41. Rb1 $142 Bxa3 42. Nd5) 41... Nxb3 42. Bxb6 Nd4 43. Nd5 Bxd5 44. cxd5+ Kxd5 {aiming for ...Be3.} 45. Bxd4 Kxd4 {[%mdl 4096] Endgame KRB-KRB} 46. Rc2 {[#] Black must now prevent Rc4+.} Be3 $1 {[%csl Ge3][%cal Rg7g1]} ({Don't play} 46... Bxa3 47. Rc4+ Kd5 48. Rxh4 $19) 47. Rc4+ Kd5 {[%csl Ge3][%cal Rg7g1]} 48. Bd3 Bd4 {...Rg1+ is the strong threat.} 49. Rc2 Bc5 50. a4 Kd4 51. Be4 Bb4 52. Rg2 $2 (52. Rc8 $17) 52... Rxg2 53. Kxg2 {KB-KB} d5 {[%cal Bd6d5,Bd5d4,Bd4d3,Bd3d2][%mdl 32]} 54. Bf5 Ke3 55. Be6 d4 56. Bd5 h3+ $2 (56... d3 {Strongly threatening ...d2.} 57. Kf1 d2) 57. Kf1 $2 {[#]} (57. Kxh3 $19 d3 58. Kg4) 57... d3 {Black mates.} 58. Bc4 d2 {[%cal Rd2d1]} 59. Be2 Be7 60. Bd1 Bg5 61. f4 Bxf4 62. Kg1 Kd3 {Precision: White = 34%, Black = 65%.} 0-1

[Event "GEO chT Clubs 2017"]
[Site "Tbilisi"]
[Date "2017.12.04"]
[Round "6"]
[White "Kekelidze, Mikheil"]
[Black "Pantsulaia, Levan"]
[Result "0-1"]
[WhiteElo "2367"]
[BlackElo "2591"]
[Annotator "TA"]
[PlyCount "119"]
[EventDate "2017.??.??"]
[EventCountry "GEO"]
[SourceTitle "playchess.com"]
[Source "ChessBase"]
[SourceQuality "1"]

{[%evp 16,119,65,54,62,64,79,79,92,76,77,67,99,34,67,61,51,34,85,89,89,0,0,0,0,0,0,0,0,-93,0,0,0,0,0,0,0,0,39,65,83,62,47,58,112,13,16,14,47,15,62,0,0,0,0,0,0,-45,0,0,81,60,116,0,133,131,113,139,193,186,163,173,171,44,17,0,0,-62,-70,-197,-93,-113,0,-8,-10,-62,-62,-70,0,-83,-75,-95,-83,-172,-165,-2203,0,-10,0,-29973,-29964,-29991,-29992,-29996,-29997,-29998]} 1. Nf3 Nf6 2. c4 c5 3. Nc3 e6 4. d4 cxd4 5. Nxd4 a6 6. e4 Qc7 7. Be2 Bb4 8. Nc2 Be7 {B41: Sizilianisch (Paulsen-Variante)} 9. f4 {LiveBook: 3 Partien} d6 10. g4 $146 {[%cal Bg2g4,Bg4g5][%mdl 32]} ({Vorgänger:} 10. O-O O-O 11. Qd3 Nbd7 12. b4 b6 13. Bb2 Bb7 14. a3 Rac8 15. Rac1 Qb8 16. Qg3 {1-0 (38) Fier,A (2568)-Mohammad,N (2408) Sharjah 2017}) 10... Nc6 {Weiß steht etwas besser.} 11. Be3 b6 12. g5 Nd7 13. h4 Bb7 14. Qd2 (14. Rc1 $1 $16) 14... Rc8 15. Rc1 Na5 16. Na3 O-O (16... h6 $14) 17. O-O $16 Rfe8 18. Nd5 ({Besser ist} 18. Rfd1 $16) 18... exd5 $11 19. cxd5 Qd8 20. b4 Bf8 21. Rxc8 Qxc8 22. bxa5 (22. Rc1 $11 {hält das Gleichgewicht.} Nc5 23. bxc5) 22... Rxe4 (22... Nc5 $1 $17 {[%cal Rc5e4]} 23. Bf3 Nxe4) 23. axb6 Qe8 24. Kf2 Nc5 $1 {zielt auf ...Txf4+! ab.} 25. Bf3 Ra4 26. Nb1 Rc4 27. Nc3 $36 {[%mdl 2048] Weiss hat Initiative.} Qd7 28. Kg3 Bc8 29. Rh1 Qf5 (29... Rb4 $14) 30. Bxc5 (30. Bd4 $1 $16) 30... dxc5 31. Qe3 Rb4 32. Qe5 Qd7 {Droht stark ...Ld6.} 33. Ne4 (33. Qc7 $1 $14) 33... Rxb6 34. h5 h6 $1 35. Rh4 Qd8 36. Rh2 Bb7 37. Rg2 Kh8 (37... hxg5 $11 38. Nxg5 Bc8) 38. Rd2 $16 c4 ({Günstiger ist} 38... f6 $14 39. gxf6 gxf6) 39. Qf5 (39. gxh6 $1 $16 Rxh6 40. Qd4) 39... Kg8 (39... c3 $1 $11 40. Nxc3 hxg5 41. Qxg5 Be7) 40. Nf6+ Rxf6 41. gxf6 {jetzt Le4 und aus.} Bc8 42. Qe5 $1 Bd6 43. Qd4 Qd7 44. Rh2 ({Minderwertig wäre} 44. Qxc4 Qh3+ 45. Kf2 gxf6 $14) ({Weiss kommt nicht vorbei an} 44. Rg2 $1 $18) 44... Qf5 $1 $14 45. Qxc4 {Und fxg7 würde nun gewinnen.} Bd7 46. Rh4 (46. Be2 $11) 46... Qxf6 $15 47. a4 {[#]} (47. Qe4 $1 $15) 47... a5 (47... g5 $1 $19 {[%cal Rg5h4] ist viel giftiger.} 48. Rh1 (48. hxg6 $2 Qg5+ 49. Rg4 Bxg4 $19) 48... Bxf4+ 49. Kg2 Bd6) 48. Qe4 $17 Qc3 (48... Kf8 $17 {Und weiter mit ...g5 wäre nett.} 49. Rg4 Bf5) 49. Rh1 f5 50. Qe2 (50. Qe1 $11 Qd4 51. Rh4) 50... Qd4 $15 51. Rh4 Qxa4 ({Lieber} 51... Qf6 $15 52. Qe3 Qg5+ 53. Kh3 Qe7) 52. Qe3 (52. Qb2 $1 $11) 52... Qb4 $17 {[%mdl 1024] Schwarz hat starke Kompensation.} 53. Rh1 a4 {[%cal Ba5a4,Ba4a3][%mdl 32]} 54. Rc1 {[#]} (54. Rh2 $17) 54... a3 $1 $19 55. Rc8+ $2 (55. Rc6) 55... Kh7 $2 (55... Bxc8 $19 56. Qe8+ Bf8) 56. Ra8 $11 Qb2 {...a2 ist eine echte Drohung.} 57. Qa7 $2 {[%mdl 8192]} (57. Kh3 $11 a2 58. Qg1) 57... Qd2 {Schwarz setzt Matt.} 58. Qf2 Qxf4+ 59. Kh3 Bb5 60. Rxa3 {Precision: Weiß = 33%, Schwarz = 47%.} 0-1

[Event "GEO chT Clubs 2017"]
[Site "Tbilisi"]
[Date "2017.12.04"]
[Round "6"]
[White "Lomsadze, Davit"]
[Black "Paichadze, Luka"]
[Result "1/2-1/2"]
[WhiteElo "2332"]
[BlackElo "2580"]
[Annotator "TA"]
[PlyCount "60"]
[EventDate "2017.??.??"]
[EventCountry "GEO"]
[SourceTitle "playchess.com"]
[Source "ChessBase"]
[SourceQuality "1"]

{[%evp 15,60,-18,0,-10,-13,-24,0,-14,0,-12,-7,-7,-2,-14,-14,-25,-22,-20,-14,-20,-3,-22,-5,-14,16,6,6,6,5,-14,-14,-14,-14,-14,-14,-14,-14,-14,-14,-14,-14,-14,-14,-14,-14,-14,-14]} 1. g3 Nf6 2. Bg2 e6 3. e4 c5 4. d3 d5 5. Nd2 Nc6 6. Ngf3 Be7 7. O-O O-O 8. Qe2 b5 {LiveBook: 16 Games} 9. a4 {C00: French: Unusual White 2nd moves} (9. e5 Nd7 10. Re1 a5 11. h4 b4 12. Nf1 Ba6 13. Bf4 a4 14. Qe3 Nd4 15. Nxd4 {½-½ (15) Popovic,D (2507)-Zajic,M (2452) Plovdiv 2015}) 9... b4 10. b3 Ba6 $146 ({Predecessor:} 10... a5 11. Bb2 Qc7 12. Ne1 Ba6 13. e5 Nd7 14. f4 Nb6 15. Nef3 Qa7 16. Kh1 Rac8 {0-1 (39) Schena,A (1601)-Crul,O (1783) Itajai 2016}) 11. Bb2 Rc8 12. Rad1 dxe4 13. Nxe4 Nd4 14. Bxd4 cxd4 15. Ne5 Nd5 16. Nc4 {The position is equal.} Re8 17. Rde1 Qd7 18. h4 h6 19. Qh5 Nf6 20. Nxf6+ Bxf6 21. Qa5 Bxc4 $1 22. dxc4 Qe7 23. Qb5 Red8 24. Rd1 g6 25. Qb7 Qxb7 26. Bxb7 Rc5 27. Be4 a5 28. Bd3 Kg7 29. Kg2 h5 30. Rde1 Rd6 {Precision: White = 48%, Black = 36%.} 1/2-1/2

[Event "GEO chT Clubs 2017"]
[Site "Tbilisi"]
[Date "2017.12.04"]
[Round "6"]
[White "Tsatsalashvili, Keti"]
[Black "Sanikidze, Salome"]
[Result "1-0"]
[WhiteElo "2301"]
[BlackElo "1876"]
[Annotator "TA"]
[PlyCount "77"]
[EventDate "2017.??.??"]
[EventCountry "GEO"]
[SourceTitle "playchess.com"]
[Source "ChessBase"]
[SourceQuality "1"]

{[%evp 24,77,42,34,59,64,69,79,81,62,91,86,97,89,102,93,123,93,97,91,97,104,119,116,119,114,147,133,158,152,158,139,141,144,199,196,255,255,336,336,335,336,380,375,405,380,504,502,496,518,515,496,509,509,526,530]} 1. Nf3 Nf6 2. c4 g6 3. Nc3 Bg7 4. d4 O-O 5. e4 d6 6. Be2 c5 7. O-O cxd4 8. Nxd4 Nc6 9. Be3 Bd7 10. Qd2 Ng4 11. Bxg4 Bxg4 12. f3 Bd7 13. Rac1 {LiveBook: 3 Games. B38: Sicilian: Maroczy Bind with 5...Bg7 and 7...0-0} (13. Rfd1 a6 14. Nd5 Rc8 15. Rac1 Nxd4 16. Bxd4 Bxd4+ 17. Qxd4 Be6 18. Re1 Re8 19. Nf4 Bd7 20. e5 dxe5 21. Rxe5 {½-½ (35) Mareco,S (2625)-Pascua,H (2427) Dubai 2016}) 13... Ne5 14. b3 Bc6 15. Rfd1 {White is slightly better.} Rc8 16. Qf2 $146 ({Predecessor:} 16. Nd5 Nd7 17. Bg5 Bxd5 18. cxd5 Rxc1 19. Rxc1 a6 20. Be3 Nf6 21. Qc3 Qb8 22. Qc7 {1-0 (57) Henriksson,S (2152)-Korhonen,P (2063) Naantali 2000}) 16... a6 17. c5 Qa5 18. cxd6 exd6 19. Qd2 Kh8 20. Nce2 {[%cal Bc3e2,Be2f4,Bf4d5,Bd5b6,Bb6c4][%mdl 32]} Qxd2 21. Rxd2 Bd7 22. Rcd1 f6 23. Nf4 Rfe8 24. Nd5 Bc6 {next ...Bxd5 is good for Black.} 25. Nb6 Rcd8 26. Nxc6 Nxc6 27. Nc4 ({Don't take} 27. Rxd6 $6 Rxd6 28. Rxd6 f5 $14) 27... Bf8 28. Bf4 g5 (28... Kg8 $16 29. Nxd6 (29. Bxd6 Bh6 $16) 29... Bxd6 30. Bxd6 (30. Rxd6 Kf7 $16) 30... Kf7) 29. Bxd6 $18 b5 (29... Kg8 $142 30. Kf2 Kf7) 30. Ne3 Bxd6 31. Rxd6 Rxd6 32. Rxd6 {[%mdl 4096] Endgame KRN-KRN} Ne5 33. Rxf6 a5 34. Rb6 Rc8 35. Rxb5 {White is clearly winning.} Nd3 36. Nc4 a4 37. Rxg5 axb3 38. axb3 Ra8 {[%cal Ra8a1] [#]} 39. h4 {Precision: White = 88%, Black = 13%.} 1-0

[Event "GEO chT Clubs 2017"]
[Site "Tbilisi"]
[Date "2017.12.04"]
[Round "6"]
[White "Lortkipanidze, Nodar"]
[Black "Kikilashvili, Soso"]
[Result "1-0"]
[WhiteElo "2225"]
[BlackElo "1875"]
[Annotator "NA RC"]
[PlyCount "134"]
[EventDate "2017.??.??"]
[EventCountry "GEO"]
[SourceTitle "playchess.com"]
[Source "ChessBase"]
[SourceQuality "1"]

1. e4 e6 2. d4 d5 3. exd5 exd5 4. c4 Nf6 5. Nc3 c6 6. Nf3 Be6 {C01: French: Exchange Variation} (6... Be7 7. Qb3 O-O 8. Be3 dxc4 9. Bxc4 b5 10. Bd3 Na6 11. a3 b4 12. Bxa6 bxc3 13. Bxc8 cxb2 14. Qxb2 Rxc8 15. O-O {0-1 (42) Nosenko,A (2524)-Simacek,P (2474) Legnica 2016}) 7. cxd5 Nxd5 8. Bd3 Be7 9. O-O O-O 10. Ne5 Nf6 11. Bg5 Re8 $146 ({Predecessor:} 11... Nbd7 12. Re1 Re8 13. Rc1 Nf8 14. Bb1 Nd5 15. Bxe7 Rxe7 {½-½ (52) Berg,S (2062)-Dubinka,I (2295) Stockholm 1999}) 12. Bc2 Nbd7 13. f4 Nf8 14. f5 Bd5 15. Bxf6 Bxf6 16. Nxd5 cxd5 17. Nf3 Qb6 18. Bb3 Rad8 19. Qd3 h6 20. Rac1 Nd7 21. Kh1 $11 ({Reject} 21. Bxd5 Ne5 $17) 21... Nb8 22. Rc5 Nc6 23. Rb5 Qa6 24. a4 b6 25. Qb1 Nxd4 26. Nxd4 Bxd4 27. Bxd5 Re5 28. Bc4 Qxa4 29. b3 Rxb5 30. bxa4 Rxb1 31. Rxb1 Kf8 32. g3 Bc5 33. Rb2 Rd4 34. Rc2 Ke7 35. a5 Kf6 36. Kg2 Bd6 37. a6 Bc5 38. Kf3 h5 39. h3 Kxf5 40. Bxf7 Rd3+ 41. Kg2 g6 42. Bc4 Ra3 43. Rd2 Rc3 44. Be2 Ke6 45. Rd8 Bd6 46. g4 h4 47. Ra8 Rc7 48. Rg8 Kf7 49. Rd8 Ke7 50. Rg8 Kf7 51. Rh8 g5 52. Kf3 Bf8 53. Bd3 Rc5 54. Ke3 b5 55. Kd4 Rc8 56. Kd5 b4 57. Bc4 Kg7 58. Rh5 Rd8+ 59. Kc6 Kf6 60. Rh8 Rd6+ 61. Kc7 Rd4 62. Rxf8+ Kg7 63. Rf7+ Kg6 64. Bb3 Rd3 65. Bc2 Kxf7 66. Bxd3 Ke6 67. Kb7 Kd5 1-0

[Event "GEO chT Clubs 2017"]
[Site "Tbilisi"]
[Date "2017.12.04"]
[Round "6"]
[White "Petriashvili, Nikoloz"]
[Black "Azaladze, Shota"]
[Result "1/2-1/2"]
[WhiteElo "2180"]
[BlackElo "2464"]
[Annotator "TA"]
[PlyCount "121"]
[EventDate "2017.??.??"]
[EventCountry "GEO"]
[SourceTitle "playchess.com"]
[Source "ChessBase"]
[SourceQuality "1"]

{[%evp 23,121,45,42,58,61,37,95,49,61,61,70,38,67,33,79,60,157,7,6,0,31,14,14,18,23,18,22,16,19,0,39,39,39,36,28,41,38,27,45,17,80,80,119,78,81,58,77,44,57,44,54,48,49,36,32,0,207,0,0,0,0,0,0,0,0,0,0,0,0,0,0,0,0,0,0,0,0,0,0,0,0,0,0,-872,0,0,0,0,0,0,0,0,0,0,0,0,0,0,0,-1026]} 1. c4 g6 2. Nc3 Bg7 3. g3 e6 4. Bg2 Ne7 5. Nf3 d5 6. d4 O-O 7. O-O Nbc6 8. e3 dxc4 {A13: Reti-Eröffnung} 9. Qa4 e5 10. Nxe5 Nxe5 11. dxe5 Bxe5 12. Rd1 Qe8 {LiveBook: 3 Partien} 13. Qxc4 c6 14. e4 Be6 $146 (14... Bg4 $14) ({Vorgänger:} 14... Bg4 15. f3 Be6 16. Qe2 {1-0 (48) Meier,G (2630)-Nordquelle,D (2063) chess.com INT 2017}) 15. Qe2 Qc8 16. Be3 Bh3 17. Bh1 Re8 18. Rd2 Qg4 19. f3 Qe6 {[#]} (19... Qh5 $14) 20. f4 ({Weiss kommt nicht vorbei an} 20. Nd1 $1 $16) 20... Bxc3 $11 21. bxc3 Nf5 {[%cal Be7f5,Bf5d6,Bd6c4][%mdl 32]} 22. Bf2 Nd6 23. Re1 Nc4 24. Rd4 b5 25. Bf3 h5 26. f5 (26. Qc2 {is interesting.} Rad8 27. a4 a6 28. Bh1 a5 29. Bf3) 26... gxf5 (26... Qf6 {with more complications.} 27. Rxc4 bxc4 28. Bd4 Qe7 29. Qe3 Kh7) 27. exf5 Qxe2 28. Rxe2 Rxe2 29. Bxe2 Bxf5 30. Bxh5 Be6 31. Rh4 Nd6 (31... Ne5 $11 {hält das Gleichgewicht.}) 32. Bf3 $16 {Und weiter mit Ld4 wäre nett.} Kg7 33. Bd4+ Kg6 34. Rf4 f5 35. h4 Bd5 36. h5+ Kg5 37. Bxd5 cxd5 $14 {[%mdl 4096] Endspiel KTL-KTS} 38. Rh4 f4 39. h6 (39. Rxf4 $5 {[%cal Rh5h6]} Kxh5 40. Kg2 $11) 39... fxg3 $2 (39... Nf5 $1 $11 40. h7 (40. Rxf4 Nxg3 41. Rf7 Kxh6 $11) 40... Nxd4) 40. Rh1 $2 (40. Rh3 $18 Nf5 41. h7 Nxd4 42. Rxg3+ Kh6 43. Rg8 Kxh7 44. Rxa8 Ne2+ 45. Kf2 Nxc3 46. Rxa7+ Kg6 47. Ke3) 40... Nf5 $11 41. Kg2 Nxd4 42. cxd4 {KT-KT} Kg4 43. h7 Rh8 44. Rh3 Kf4 45. Rh4+ Ke3 46. Kxg3 b4 47. Kg4 {[#] Und Kf5 würde nun gewinnen.} Kxd4 48. Kf5+ Kc3 49. Rh3+ Kc4 50. Rh1 d4 {Weiss muss nun ...d3 beachten.} 51. Ke4 {Weiss will Tc1+ spielen.} d3 {zielt auf ...d2 ab.} 52. Ke3 $1 Kc3 53. Rc1+ Kb2 54. Rc7 {Die Stellung ist ausgeglichen.} a5 55. Ra7 $1 ({Aber nicht} 55. Kxd3 $2 Kxa2 56. Ra7 Kb3 $19) 55... a4 56. Rxa4 ({Natürlich nicht} 56. Kxd3 b3 $17) 56... Rxh7 57. Kxd3 Rh3+ 58. Kc4 Rh4+ 59. Kd3 Kb1 60. Ra7 Rh2 61. Ke4 $2 {[%mdl 40960] Precision: Weiß = 52%, Schwarz = 59%. . An unexpected result.} (61. Ra4 $11) 1/2-1/2

[Event "GEO chT Clubs 2017"]
[Site "Tbilisi"]
[Date "2017.12.04"]
[Round "6"]
[White "Kuchava, Ana"]
[Black "Khmiadashvili, Tamar"]
[Result "1/2-1/2"]
[WhiteElo "2164"]
[BlackElo "1982"]
[Annotator "TA"]
[PlyCount "129"]
[EventDate "2017.??.??"]
[EventCountry "GEO"]
[SourceTitle "playchess.com"]
[Source "ChessBase"]
[SourceQuality "1"]

{[%evp 15,129,-10,58,6,8,11,37,35,27,26,49,35,37,24,33,27,41,39,20,15,27,2,18,7,25,37,26,29,35,27,54,7,8,2,8,0,0,4,1,7,8,0,0,0,20,14,94,68,82,83,106,0,0,0,0,-8,0,0,11,14,46,28,79,79,91,93,85,85,85,85,70,0,0,0,72,62,64,0,0,0,0,0,0,0,0,0,0,0,0,0,0,-8,0,0,0,0,0,0,8,8,8,0,103,100,85,21,45,8,8,8,9,0,0,0,10,0]} 1. d4 d5 2. Nf3 Nf6 3. c4 e6 4. Nc3 Be7 5. Bf4 O-O 6. e3 c5 7. dxc5 Qa5 8. Nd2 {[%cal Bf3d2,Bd2c4,Bc4d6][%mdl 32] D37: Queen's Gambit Declined: 5 Bf4} (8. a3 dxc4 9. Bxc4 Qxc5 10. Qe2 Nbd7 11. e4 Nb6 12. Bd3 Bd7 13. Be5 Na4 14. Rc1 Rfc8 15. O-O Nxc3 16. Rxc3 Qb6 {1-0 (16) Moiseenko,A (2643)-Kharitonov,A (2569) Moscow 2008}) 8... dxc4 {LiveBook: 8 Games} ({Black should try} 8... Qxc5 $11 9. Nb3 Qc6) 9. Bxc4 ({White should play} 9. Bd6 $14 Bxd6 10. cxd6) 9... Qxc5 $11 10. Qe2 Qh5 $146 (10... a6 {looks sharper.} 11. O-O Nh5 12. Nb3 Nxf4 13. exf4 Qa7) ({Predecessor:} 10... Nc6 11. Nb3 Qh5 12. O-O Qxe2 13. Bxe2 Nd5 14. Nxd5 exd5 15. Rad1 Be6 {½-½ (41) Szilagyi,P (2380)-Horvath,Z (2339) Hungary 2005}) 11. O-O Qxe2 12. Bxe2 Nc6 13. Nc4 Nd5 14. Nxd5 exd5 15. Nd6 g5 16. Bg3 f5 {[#] And now ...f4 would win.} 17. Nxc8 Raxc8 18. f3 Bc5 19. Bf2 f4 20. exf4 Bxf2+ 21. Kxf2 Rxf4 22. Rfd1 Ne7 23. Rac1 {Black must now prevent Rxc8+.} Rc6 24. b3 Kf7 25. Bb5 Rxc1 26. Rxc1 {[%mdl 4096] Endgame KRB-KRN} Rb4 27. Bd3 h5 28. g3 Kf6 29. Ke3 Ke5 30. Rf1 d4+ (30... a5 $11) 31. Kd2 $16 Nd5 32. Re1+ Kf6 33. Kc2 (33. Re8 $16) 33... Ne3+ $11 34. Kb2 Rb6 35. Be4 Rd6 36. Kc1 ({But not} 36. Bxb7 $2 d3 $19) 36... b6 37. Kd2 Ke5 38. Kd3 h4 (38... Rd7 $11 {keeps the balance.}) 39. gxh4 $16 gxh4 {[#]} 40. Rg1 $1 Rd7 41. Rg5+ Kf6 42. Rh5 Ng2 {Hoping for ...Nf4+.} 43. Rh6+ Ke5 {With the idea ...Nf4+.} 44. Rh5+ Kf6 {Threatens to win with ...Nf4+.} 45. Rf5+ Ke6 46. Rg5 (46. f4 $14 h3 47. Bxg2 hxg2 48. Rg5) 46... Nf4+ $11 47. Kd2 Rf7 48. Rg4 h3 49. Rg8 Kd6 50. Rd8+ Ke5 51. Re8+ Kd6 52. Rg8 Ke5 53. Rg4 Kd6 54. Ke1 Kc5 55. a3 a6 56. Kf2 a5 57. Kg3 Ne2+ $1 58. Kxh3 Nc3 (58... a4 $11 {remains equal.}) 59. Rg5+ $16 Kd6 60. Kg2 ({Better is} 60. Kg3 $16) 60... Rc7 61. Rg6+ Ke5 {The position is equal.} 62. Bd3 Nd5 {...Nf4+ is the strong threat.} 63. Rg5+ Kd6 {aiming for ...Nf4+.} 64. Rg6+ Ke5 $1 {Strongly threatening ...Nf4+.} 65. Rg5+ {Precision: White = 55%, Black = 55%.} 1/2-1/2